Statistics for Go Dog Go! Transport Method

Click here to take the quiz!

General Stats

  • This quiz has been taken 12 times
  • The average score is 6 of 12

Answer Stats

Answer% Correct
car
92%
bike
67%
boat
67%
foot
67%
blimp
50%
run
50%
scooter
42%
skates
42%
skip
42%
skis
42%
hike
33%
ladder
8%

Score Distribution

Percentile by Number Answered

Percent of People with Each Score

Your Score History

You have not taken this quiz